000 00848nam a2200253Ia 4500
003 OSt
005 20221005111135.0
006 a|||||r|||| 00| 0
007 ta
008 221004b |||||||| |||| 00| 0 hin d
020 _a8181431588 (hbk)
_c295
024 _a97701
037 _b565, 23/03/2009, Vani Prakashan
_cTextual
040 _aCRL
_cCRL
_bhin
041 _2hin
_ahin
082 _aO152,6N48x, P4
100 _aपचौरी, सुधीश
245 0 _aउत्तर - यथार्थवाद
246 _aUttar - yathārthavāda
260 _aनई दिल्ली
_bवाणी प्रकाशन भारत
_c2004
300 _a330पृ0
_ccm.
942 _hO152,6N48x, P4
_cTEXL
_2cc
999 _c1020933
_d1020933